| 000 | 00629pam a2200205 a 4500 | ||
|---|---|---|---|
| 005 | 20260202110508.0 | ||
| 008 | 881024s1989 caua b 001 0 eng | ||
| 020 | _a0534099963 : | ||
| 020 | _a9780534099961 | ||
| 040 |
_aKABLIB _cKABLIB _erda |
||
| 082 | 0 | 0 |
_a155.2 _223 _bRYC |
| 100 | 1 |
_aRyckman, Richard M. _914945 |
|
| 245 | 1 | 0 |
_aTheories of personality / _cRichard M. Ryckman. |
| 250 | _a4th ed. | ||
| 260 |
_aPacific Grove, Calif. : _bBrooks/Cole Pub. Co., _cc1989. |
||
| 300 |
_ax, 550 p. : _bill. ; _c25 cm. |
||
| 504 | _aIncludes bibliographies, indexes. | ||
| 650 | 0 |
_aPersonality _vTextbooks. _914946 |
|
| 942 |
_2ddc _cBOOK |
||
| 999 |
_c5924 _d5924 |
||